| 000 | 00336nam a2200133Ia 4500 | ||
|---|---|---|---|
| 008 | 150201s2010 xx 000 0 und d | ||
| 082 |
_a610 _bH10L |
||
| 100 | _aLLEWELYN,HUW | ||
| 245 | _aOXFORD HAND BOOK OF CLINICAL DIAGNOSIS | ||
| 250 | _a2ND | ||
| 260 |
_bOXFORD _aNEW YORK _c2010 |
||
| 650 | _aMEDICINE AND DIAGNOSIS | ||
| 942 |
_2ddc _cBK |
||
| 999 |
_c808 _d808 |
||